000 00474nam a2200205Ia 4500
008 210210b1947 xxu||||| |||| 00| 0 eng d
041 _aeng
082 _a320/257
100 _aHOURANI (A H)
245 _aMinorities in the Arab world
260 _aLondon
_bOxford University Press
_c1947
300 _aviii,140
650 _aworld
650 _athe
650 _aMinorities
650 _ain
650 _aArab
690 _aPolitical Science
906 _a002007
999 _c118064
_d118064